000
00262nam a2200097Ia 4500
001
640571
005
20250826153450.0
008
250824s9999 xx 000 0 und d
245
0
_a
ÇATLAK MATEMATİK OYUNLARI
_c
SERHAN BÜYÜKKEÇECİ
260
_b
EĞLENCELİ BİLGİ
999
_c
640571
_d
640571